000
00307nam a2200133Ia 4500
100
_a
SHROCK/CHERYL/R.
942
_c
BK
366
_f
20
654
_a
AUTOCAD
245
_a
EXERCISE WORK BOOK FOR ADVANCED AUTOCAD 2006
260
_b
NEW AGE INTL.PUBL
_a
New Delhi
082
_a
006.6/SHR
546
_a
ENGLISH
999
_c
23278
_d
23278